Zarzadzanie jakoscia podstawowe problemy i metody

Gespeichert in:
Bibliographische Detailangaben
1. Verfasser: Iwasiewicz, Andrzej
Format: Buch
Sprache:Polnisch
Veröffentlicht: Warszawa Wydawnictwo Naukowe PWN 1999
Schriftenreihe:Przedsiebiorczosc
Schlagworte:
Tags: Tag hinzufügen
Keine Tags, Fügen Sie das erste Tag hinzu!

MARC

LEADER 00000nam a2200000 4500
001 c117150
005 20221221084023.5
020 |a 83-01-12957-3 
041 0 |a pol 
044 |a PL 
245 1 0 |a Zarzadzanie jakoscia  |b podstawowe problemy i metody  |c Andrzej Iwasiewicz 
264 1 |a Warszawa  |b Wydawnictwo Naukowe PWN  |c 1999 
300 |a 297 s. 
490 1 |a Przedsiebiorczosc 
830 0 |a Przedsiebiorczosc 
610 2 0 |a kvalita 
610 2 0 |a manažment 
610 2 0 |a riadenie kvality 
610 2 0 |a výroba 
610 2 0 |a služby 
610 2 0 |a hospodárstvo trhové 
610 2 0 |a náklady 
610 2 0 |a produkty 
610 2 0 |a plánovanie 
610 2 0 |a normy 
610 2 0 |a organizácie medzinárodné 
610 2 0 |a analýza štatistická 
610 2 0 |a kontrola kvality 
610 2 0 |a Poľsko 
100 1 |a Iwasiewicz, Andrzej